000 00339nam a2200145Ia 4500
008 230718s9999 xx 000 0 und d
041 _aEng.
082 _a1900
_bKHA-I
100 _aKhalidi Omar
245 0 _aIndian Muslims Since Indepe
260 _aPakistan
_bService book Club
_c1988
300 _a246
650 _aLaw
999 _c26851
_d26851